|
|
|
|
| LEADER |
00000nam2a2200000 4500 |
| 001 |
307838 |
| 005 |
20231102002031.0 |
| 035 |
|
|
|a (RuTPU)RU\TPU\book\333145
|
| 090 |
|
|
|a 307838
|
| 100 |
|
|
|a 20151026d1980 km y0rusy50 ca
|
| 101 |
0 |
|
|a rus
|
| 102 |
|
|
|a RU
|
| 105 |
|
|
|a a z 001zy
|
| 200 |
0 |
|
|a № 59 : Специальный выпуск . Материалы научно-технической конференции " XXX лет производства и применения изотопов в СССР"Обнинск, октябрь 1978
|f под ред. А. М. Петросьянца
|
| 210 |
|
|
|d 1980
|
| 215 |
|
|
|a 279 с.
|c ил.
|
| 320 |
|
|
|a Библиогр. в конце ст.
|
| 461 |
|
1 |
|0 (RuTPU)RU\TPU\book\287095
|t Изотопы в СССР
|o производственно-технический сборник
|f Центральный научно-исследовательский институт информации и технико-экономических исследований по атомной науке и технике
|v № 59 : Специальный выпуск . Материалы научно-технической конференции " XXX лет производства и применения изотопов в СССР"
|d 1965-1988
|
| 606 |
1 |
|
|a Изотопы
|x Производство
|2 stltpush
|3 (RuTPU)RU\TPU\subj\12357
|9 39154
|
| 610 |
1 |
|
|a применение
|
| 610 |
1 |
|
|a радионуклиды
|
| 610 |
1 |
|
|a меченые соединения
|
| 610 |
1 |
|
|a стабильные изотопы
|
| 610 |
1 |
|
|a радиоизотопная дефектоскопия
|
| 610 |
1 |
|
|a ядерная техника
|
| 610 |
1 |
|
|a источники питания
|
| 610 |
1 |
|
|a ядерная геофизика
|
| 610 |
1 |
|
|a народное хозяйство
|
| 675 |
|
|
|a 621.039.8.002
|v 4
|
| 702 |
|
1 |
|a Петросьянц
|b А. М.
|4 340
|
| 712 |
1 |
2 |
|a XXX лет производства и применения изотопов в СССР
|c конференция
|e Обнинск
|f 1978
|4 570
|
| 801 |
|
1 |
|a RU
|b 63413507
|c 20151026
|
| 801 |
|
2 |
|a RU
|b 63413507
|c 20191017
|g RCR
|
| 942 |
|
|
|c BK
|